| 000 | 00376cam a2200157ua 4500 | ||
|---|---|---|---|
| 041 |
_aeng _h |
||
| 082 |
_a828.09 _bMUL/JO |
||
| 100 | _aMallik, B R. | ||
| 245 |
_aJohnson`s life of Milton / _cB R Mallik. _hTextual Documents |
||
| 250 |
_a1 / _b. |
||
| 260 |
_aNew Delhi : _bS.Chand and Co , _c1961. |
||
| 300 | _a43 ; . | ||
| 504 | _a | ||
| 942 | _cBK | ||
| 999 |
_c2508 _d2508 |
||